| 000 | 00566nam a22001577a 4500 | ||
|---|---|---|---|
| 003 | OSt | ||
| 005 | 20151120150648.0 | ||
| 008 | 151120b xxu||||| |||| 00| 0 eng d | ||
| 040 | _cRUA | ||
| 082 | _aFIS អ៊ា 1996 B159 Or.1 | ||
| 100 |
_93964 _aអ៊ា វឌ្ឍនា |
||
| 245 | _aResearch on species of ornamental fish in phnom penh, ការស្រាវជ្រាវប្រភេទត្រីលំអ នៅរាជធានីភ្នំពេញ, | ||
| 260 |
_aPhnom Penh _bRUA _c1996 |
||
| 300 |
_a96p. _bill. _c29cm. |
||
| 942 |
_2ddc _cFIS |
||
| 999 |
_c3685 _d3685 |
||